| 000 | 00798nam a2200205 a 4500 | ||
|---|---|---|---|
| 003 | 0 | ||
| 005 | 20250415155621.0 | ||
| 008 | 970101s19uu xx 00 eng d | ||
| 050 |
_aPGS LB 1049 _b.C229 2004 |
||
| 100 | _aBrakmore-Canterbury, Gabi Ortega. | ||
| 245 |
_aStudy habits of SISC grade school varsity students / _cBrakmore-Canterbury, Gabi Ortega. |
||
| 260 |
_aLas PiƱas City, Philippines : _bSouthville International School and Colleges, _c2004. |
||
| 300 |
_a20 pages : _billustrations ; _c28 cm. |
||
| 504 | _aIncludes bibliographical references. | ||
| 650 |
_aStudy habits _vGrade school students. |
||
| 650 |
_aStudent athletes _vStudy habits. |
||
| 650 |
_aAcademic performance _vElementary level. |
||
| 650 |
_aTime management _vElementary school students. |
||
| 942 |
_2lcc _cPASS |
||
| 999 |
_c96955 _d96955 |
||